[Event "47th Sparkassen Open"]
[Site "Dortmund GER"]
[Date "2019.07.17"]
[Round "5.16"]
[White "Groneberg, Joerg"]
[Black "Heck, Norbert"]
[Result "0-1"]
[BlackTitle "FM"]
[WhiteElo "1921"]
[BlackElo "2211"]
[WhiteFideId "12941638"]
[BlackFideId "4622928"]
[EventDate "2019.07.13"]

1. c4 Nf6 2. g3 g6 3. Bg2 Bg7 4. Nc3 O-O 5. e4 e5 6. Nge2 d6 7. O-O c6 8. Rb1 a5
9. a3 Be6 10. d3 Na6 11. b4 axb4 12. axb4 Qd7 13. Na4 Rab8 14. b5 Nc5 15. bxc6
bxc6 16. Nxc5 dxc5 17. Ba3 Qa7 18. Bb2 Nd7 19. f4 Bg4 20. h3 Bxe2 21. Qxe2 Qa2
22. Kf2 exf4 23. Bxg7 fxg3+ 24. Ke3 Qxe2+ 25. Kxe2 Kxg7 26. Ke3 Ne5 27. Rxb8
Rxb8 28. Rd1 Rb3 29. Ke2 h5 30. Rd2 h4 31. Bf3 Kf6 32. Bg2 Kg5 33. Rd1 Rb2+ 34.
Rd2 Rxd2+ 35. Kxd2 Kf4 36. Ke2 f6 37. Kd2 Nf7 38. Ke2 Ng5 39. Bf1 Nf3 40. Bg2
Nd4+ 41. Kd2 g5 0-1

[Event "47th Sparkassen Open"]
[Site "Dortmund GER"]
[Date "2019.07.17"]
[Round "5.17"]
[White "Prieb, Robert"]
[Black "Baerwolf, Steven"]
[Result "0-1"]
[WhiteTitle "CM"]
[WhiteElo "1824"]
[BlackElo "2176"]
[WhiteFideId "16212002"]
[BlackFideId "24658634"]
[EventDate "2019.07.13"]

1. d4 Nf6 2. c4 g6 3. Nc3 Bg7 4. e4 d6 5. Nf3 O-O 6. Be2 e5 7. O-O Nc6 8. d5 Ne7
9. Ne1 Nd7 10. Be3 f5 11. f3 f4 12. Bf2 g5 13. Rc1 b6 14. b4 Nf6 15. c5 Ng6 16.
cxd6 cxd6 17. Nb5 Rf7 18. Qc2 Ne8 19. a4 h5 20. a5 g4 21. axb6 axb6 22. Kh1 g3
23. Bg1 gxh2 24. Bxh2 h4 25. Rg1 Bf8 26. Nd3 Nf6 27. Nc7 Nh5 28. Nf2 Ng3+ 29.
Bxg3 hxg3 30. Nh3 Bxh3 31. gxh3 Rc8 32. Ne6 Rxc2 33. Nxd8 Rxe2 34. Rg2 Rxg2 35.
Kxg2 Ra7 36. Rc2 Nh4+ 0-1

[Event "47th Sparkassen Open"]
[Site "Dortmund GER"]
[Date "2019.07.17"]
[Round "5.18"]
[White "Steinle, Carsten"]
[Black "Kracht, Raphael"]
[Result "1/2-1/2"]
[WhiteElo "2147"]
[BlackElo "2000"]
[WhiteFideId "24676462"]
[BlackFideId "16214382"]
[EventDate "2019.07.13"]

1. b3 e5 2. Bb2 Nc6 3. e3 Nf6 4. Bb5 Bd6 5. Nc3 O-O 6. Qe2 Nb4 7. Rc1 a6 8. Bd3
Nxd3+ 9. cxd3 Re8 10. Nf3 Bf8 11. Ne4 Nxe4 12. dxe4 d6 13. h3 c5 14. O-O Qa5 15.
Ra1 Bd7 16. d3 b5 17. Nd2 Qb6 18. f4 a5 19. Qh5 f6 20. g4 g6 21. Qh4 Bg7 22. Qf2
Rf8 23. f5 a4 24. Nf3 axb3 25. axb3 g5 26. h4 h6 27. Bc3 Bc6 28. hxg5 hxg5 29.
Nd2 Qb7 30. Qg2 Rxa1 31. Rxa1 Ra8 32. Qf1 Bf8 33. Kf2 Ra6 34. Ke2 Qa8 35. Qh1
Rxa1 36. Qxa1 Qxa1 37. Bxa1 Kf7 38. d4 Ke7 39. Bc3 Kd8 40. Ba5+ Kc8 41. Kd3 Be7
42. d5 Bd7 43. Nf1 Kb7 44. b4 Ka6 1/2-1/2

[Event "47th Sparkassen Open"]
[Site "Dortmund GER"]
[Date "2019.07.17"]
[Round "5.19"]
[White "Gallasch, Jonas"]
[Black "Fistoul, Boris"]
[Result "0-1"]
[WhiteElo "1996"]
[BlackElo "1938"]
[WhiteFideId "16222474"]
[BlackFideId "12953962"]
[EventDate "2019.07.13"]

1. d4 f5 2. c4 Nf6 3. Nc3 g6 4. g3 Bg7 5. Bg2 O-O 6. Nf3 d6 7. O-O c6 8. d5 e5
9. dxe6 Bxe6 10. Qd3 Qe7 11. Bf4 d5 12. cxd5 Nxd5 13. Ng5 Nxf4 14. gxf4 Na6 15.
Rad1 h6 16. Nxe6 Qxe6 17. Qd7 Nc5 18. Qd6 Qxd6 19. Rxd6 Bxc3 20. bxc3 Rad8 21.
Rfd1 Rxd6 22. Rxd6 Kg7 23. e3 Rf7 24. Kf1 Rd7 25. Rd4 Kf6 26. Ke2 Rxd4 27. cxd4
Ne4 28. a3 b5 29. Ke1 Ke6 30. f3 Nc3 31. e4 a5 32. Kd2 Nb1+ 33. Kc1 Nxa3 34. Bf1
b4 35. Kb2 a4 36. h4 h5 37. Be2 Kd6 38. Ka2 Nb5 39. Bxb5 cxb5 40. Kb2 b3 41. Ka3
b4+ 42. Kb2 Ke6 43. d5+ Kd6 44. Kb1 a3 45. Ka1 b2+ 46. Ka2 b3+ 47. Kb1 Kc5 48.
d6 Kxd6 49. e5+ Kd5 50. e6 a2+ 51. Kxb2 Kxe6 0-1

[Event "47th Sparkassen Open"]
[Site "Dortmund GER"]
[Date "2019.07.17"]
[Round "5.20"]
[White "Boehm, Juergen2"]
[Black "Hammerich, Simon"]
[Result "1-0"]
[WhiteElo "2175"]
[BlackElo "1954"]
[WhiteFideId "4606434"]
[BlackFideId "12955868"]
[EventDate "2019.07.13"]

1. d4 Nf6 2. Bg5 d5 3. Bxf6 gxf6 4. e3 c5 5. dxc5 Nc6 6. Bb5 a6 7. Ba4 Qa5+ 8.
Nc3 e6 9. Qd4 Qxc5 10. Qxf6 Rg8 11. Nge2 Bd7 12. O-O Be7 13. Qh6 O-O-O 14. Ng3
f5 15. Nce2 Rg4 16. Bxc6 bxc6 17. h3 Rg5 18. Nd4 Qd6 19. Nf3 Rg6 20. Qf4 Rdg8
21. Kh2 h5 22. Rg1 c5 23. Nxh5 Qb6 24. g3 Bd6 25. Ne5 Qc7 26. Nxg6 Bxf4 27. gxf4
Rd8 28. Ne5 Be8 29. Rg7 Qb6 30. Nf6 d4 31. Nxe8 Rxe8 32. Rag1 dxe3 33. fxe3 Qxb2
34. Ra7 Qxc2+ 35. Rg2 Qa4 36. Rgg7 Qxa2+ 37. Kg3 Qd5 38. Rac7+ Kd8 39. Nc6+ 1-0

[Event "47th Sparkassen Open"]
[Site "Dortmund GER"]
[Date "2019.07.17"]
[Round "5.21"]
[White "Torres-Kuckel, Rafael"]
[Black "Zweschper, Erich"]
[Result "1/2-1/2"]
[WhiteTitle "FM"]
[WhiteElo "2152"]
[BlackElo "2031"]
[WhiteFideId "4625072"]
[BlackFideId "4643119"]
[EventDate "2019.07.13"]

1. e4 d6 2. d4 g6 3. Nc3 Bg7 4. Be3 Nd7 5. f4 e5 6. Nf3 c6 7. a4 Qe7 8. fxe5
dxe5 9. d5 Ngf6 10. d6 Qd8 11. Bc4 h6 12. Qd2 Ng4 13. Bg1 Nb6 14. Bb3 Be6 15.
Bxe6 fxe6 16. h3 Nf6 17. O-O-O Nfd7 18. Bh2 O-O 19. Bg3 Nc4 20. Qe2 b5 21. b3
Ncb6 22. axb5 cxb5 23. Nxb5 Rc8 24. Nc7 Nc5 25. Kb1 Rb8 26. Bf2 Nba4 27. Qc4
Nxe4 28. Be1 Nec5 29. Nxe6 Nxe6 30. Qxe6+ Kh7 31. Nxe5 Qg5 32. Nd7 Rfe8 33. Qc4
Nb2 34. Qd5 Nxd1 35. Qxg5 hxg5 36. Nxb8 Rxb8 37. Ba5 Nc3+ 38. Kc1 Ne2+ 39. Kd2
Nf4 40. Re1 Bf6 41. g3 Nd5 42. c4 Rxb3 43. cxd5 Rb5 44. Bc7 Rxd5+ 45. Kc2 Kg7
46. Re4 Kf7 47. Ra4 Ke6 48. Rxa7 Be5 1/2-1/2

[Event "47th Sparkassen Open"]
[Site "Dortmund GER"]
[Date "2019.07.17"]
[Round "5.22"]
[White "Sondermann, Dirk"]
[Black "Rempel, Patrick"]
[Result "0-1"]
[WhiteElo "1865"]
[BlackElo "2119"]
[WhiteFideId "4658116"]
[BlackFideId "4657632"]
[EventDate "2019.07.13"]

1. d4 Nf6 2. c4 g6 3. Nc3 Bg7 4. e4 d6 5. Nf3 O-O 6. Be2 Na6 7. O-O e5 8. d5 Nc5
9. Qc2 a5 10. Nd2 Bh6 11. Nb3 Bxc1 12. Raxc1 Nfd7 13. Nd2 f5 14. a3 a4 15. Rcd1
Rf7 16. exf5 gxf5 17. Nf3 Nf8 18. Ne1 Bd7 19. Nd3 Nb3 20. f4 e4 21. Nc1 Nc5 22.
Rde1 Rg7 23. Bd1 Qf6 24. Qf2 Re8 25. Qe3 Kh8 26. Kh1 Ng6 27. g3 Ne7 28. Bc2 Ng8
29. N1e2 Nh6 30. Qd4 Qg6 31. Nb5 Bxb5 32. cxb5 Ra8 33. Nc3 Ng4 34. Nd1 Nxh2 0-1

[Event "47th Sparkassen Open"]
[Site "Dortmund GER"]
[Date "2019.07.17"]
[Round "5.23"]
[White "Sonnenschein, Philipp"]
[Black "Schroeder, Joerg"]
[Result "1-0"]
[WhiteElo "2099"]
[BlackElo "1985"]
[WhiteFideId "16250877"]
[BlackFideId "24635677"]
[EventDate "2019.07.13"]

1. e4 c6 2. d4 d5 3. e5 g6 4. Nf3 Bg7 5. Bf4 Bg4 6. Nbd2 Nh6 7. h3 Bxf3 8. Nxf3
f6 9. Bd3 Nf7 10. Qe2 Qa5+ 11. Bd2 Qb6 12. exf6 Bxf6 13. O-O-O c5 14. c3 cxd4
15. cxd4 Nc6 16. Bc3 O-O-O 17. Qe6+ Kb8 18. Kb1 Rd6 19. Qg4 Nb4 20. Ne5 Nxd3 21.
Rxd3 Qb5 22. Rhd1 Nd8 23. Qg3 a5 24. Be1 a4 25. a3 Ka8 26. Bb4 Rb6 27. Rc3 Ne6
28. Rdc1 Nxd4 29. Rc8+ Rxc8 30. Rxc8+ Ka7 31. Nc4 Nc6 32. Nxb6 Qf1+ 33. Ka2 Be5
34. Bc5 Ka6 35. Qg4 d4 36. Qe6 Kb5 37. Rxc6 Qe2 38. Nxa4 bxc6 39. Qb3+ 1-0

[Event "47th Sparkassen Open"]
[Site "Dortmund GER"]
[Date "2019.07.17"]
[Round "5.24"]
[White "Leonard, Timo"]
[Black "Chubakov, Sultan"]
[Result "1/2-1/2"]
[WhiteElo "1911"]
[BlackElo "2095"]
[WhiteFideId "16208757"]
[BlackFideId "13803468"]
[EventDate "2019.07.13"]

1. d4 d5 2. Nf3 Nf6 3. e3 e6 4. Bd3 b6 5. O-O Bb7 6. b3 g6 7. Bb2 Bg7 8. Nbd2
O-O 9. Ne5 Nfd7 10. Qg4 Qe7 11. f4 f6 12. Nef3 c5 13. Qh4 Nc6 14. a3 Rae8 15. e4
cxd4 16. exd5 exd5 17. Rae1 Qd6 18. f5 g5 19. Qh5 Rxe1 20. Rxe1 Nde5 21. Nxd4
Nxd4 22. Bxd4 Nxd3 23. cxd3 Qf4 24. Nf3 Qxf5 25. Re7 Ba6 26. h4 h6 27. hxg5 hxg5
28. Nxg5 Bxd3 29. g4 Qf1+ 30. Kh2 Qf4+ 31. Kh1 Be4+ 32. Nxe4 dxe4 33. Qd5+ 1/2-1/2

[Event "47th Sparkassen Open"]
[Site "Dortmund GER"]
[Date "2019.07.17"]
[Round "5.25"]
[White "Toel, Karl-Ludwig"]
[Black "Oltmanns, Jan"]
[Result "0-1"]
[WhiteElo "2068"]
[BlackElo "1970"]
[WhiteFideId "4685903"]
[BlackFideId "16251318"]
[EventDate "2019.07.13"]

1. d4 Nf6 2. c4 Nc6 3. Nf3 e6 4. Nc3 Bb4 5. Qc2 O-O 6. e4 d6 7. Be3 e5 8. d5 Nd4
9. Nxd4 exd4 10. Bxd4 Nxe4 11. Bd3 f5 12. O-O Bc5 13. Bxc5 Nxc5 14. Rfe1 Bd7 15.
Bf1 a5 16. f4 Qf6 17. Qd2 Rfe8 18. g3 b6 19. Bg2 Na4 20. Nxa4 Bxa4 21. b3 Bd7
22. a4 h6 23. Bf3 g6 24. Rad1 Kg7 25. Kf2 g5 26. Bh5 Re4 27. Rxe4 fxe4 28. Qd4
gxf4 29. Qxf6+ Kxf6 30. gxf4 Rg8 31. Ke3 Kf5 32. Bf7 Rg2 33. Be6+ Bxe6 34. dxe6
Kxe6 35. Kxe4 Re2+ 36. Kf3 Rxh2 37. Kg3 Rb2 38. Kg4 Rxb3 39. Rh1 Rb4 40. Rxh6+
Kd7 41. Rh7+ Kc6 42. Kg5 Rxc4 43. f5 Rxa4 44. f6 Ra1 45. f7 Rf1 46. Kg6 a4 47.
Rh5 Rxf7 48. Kxf7 b5 49. Ke6 a3 50. Rh2 b4 51. Rc2+ Kb5 52. Kd5 c5 53. Kxd6 c4
54. Kd5 b3 55. Rxc4 b2 56. Rc8 a2 57. Rb8+ Ka6 58. Kc6 Ka7 59. Rb7+ Ka8 60. Rxb2
a1=Q 61. Rb6 Qc3+ 62. Kb5 Ka7 63. Ra6+ Kb7 64. Rb6+ Kc7 65. Ra6 Qd3+ 66. Ka5 Qb3
67. Rh6 Qd5+ 0-1

[Event "47th Sparkassen Open"]
[Site "Dortmund GER"]
[Date "2019.07.17"]
[Round "5.26"]
[White "Wuebker, Paul-Luca"]
[Black "Perkampus, Laurin"]
[Result "1/2-1/2"]
[WhiteElo "2009"]
[BlackElo "2009"]
[WhiteFideId "12939528"]
[BlackFideId "16232283"]
[EventDate "2019.07.13"]

1. d4 Nf6 2. c4 g6 3. f3 d5 4. cxd5 Nxd5 5. e4 Nb6 6. Be3 Bg7 7. Nc3 O-O 8. Qd2
Nc6 9. O-O-O f5 10. h4 fxe4 11. fxe4 Bxd4 12. Nf3 Bg7 13. Qe1 Qe8 14. Nd5 Nxd5
15. exd5 Ne5 16. Nxe5 Bxe5 17. Bh6 Bf4+ 18. Bxf4 Rxf4 19. h5 Bf5 20. hxg6 Qxg6
21. b3 Qf6 22. Bd3 Qa1+ 23. Kc2 Rf2+ 24. Rd2 Qxa2+ 25. Kc3 Qa5+ 26. Kc2 Bxd3+
27. Kxd3 Qxd5+ 28. Kc2 Rxd2+ 29. Qxd2 Qxd2+ 30. Kxd2 Rd8+ 31. Ke3 Rd6 32. Kf4
Rb6 33. Rh3 Kg7 34. g4 Kg6 35. Ke5 a5 36. Kd5 Rb4 37. Ke6 Re4+ 38. Kd7 c5 39.
Rc3 b6 40. Kc6 Rb4 41. Re3 Kf6 42. Rh3 Kg5 43. Rxh7 Kxg4 44. Rxe7 Rxb3 45. Rf7
a4 46. Kd5 a3 47. Ra7 Kf3 48. Kc4 Rb4+ 49. Kc3 Re4 50. Kc2 Re3 51. Rb7 a2 52.
Kb2 Ra3 53. Ka1 Ra6 54. Re7 c4 55. Re6 Kf2 56. Rc6 Ra4 57. Rxb6 Ke3 58. Rd6 Ra3
59. Rd8 Ra4 60. Rh8 Kd3 61. Rh3+ Kd4 62. Rh4+ Kc3 63. Rh3+ Kb4 64. Rh4 Ra3 65.
Rh2 Ka4 66. Rb2 Rb3 67. Kxa2 Rh3 68. Rb8 Rh2+ 69. Kb1 Ka3 70. Kc1 Ka2 71. Rb5 c3
72. Rb8 Ka3 73. Rb7 Ka4 74. Rb8 Rh4 75. Kc2 Rc4 76. Rb7 Rb4 77. Ra7+ Kb5 78.
Kxc3 Rc4+ 1/2-1/2

[Event "47th Sparkassen Open"]
[Site "Dortmund GER"]
[Date "2019.07.17"]
[Round "5.27"]
[White "Guenther, Lars"]
[Black "Skabs, Denis"]
[Result "1/2-1/2"]
[WhiteElo "2114"]
[BlackElo "1745"]
[WhiteFideId "4625153"]
[BlackFideId "16248449"]
[EventDate "2019.07.13"]

1. e4 e5 2. Bc4 Nc6 3. Nc3 Nf6 4. d3 Na5 5. Bg5 Nxc4 6. dxc4 Bb4 7. Qd3 h6 8.
Bd2 d6 9. Nge2 Be6 10. f3 Qd7 11. Nd5 Bxd2+ 12. Qxd2 c6 13. Ne3 d5 14. cxd5 cxd5
15. exd5 Nxd5 16. Nxd5 Qxd5 17. Qxd5 Bxd5 18. Nc3 O-O-O 19. Nxd5 Rxd5 20. Ke2
Rhd8 21. Rad1 Kc7 22. Rd3 Rxd3 23. cxd3 Rd6 24. Rc1+ Rc6 25. Rc3 Kd6 26. Ke3 Rb6
27. b3 Ra6 28. a4 Rb6 29. d4 f5 30. dxe5+ Kxe5 31. Rc5+ Kf6 32. Rb5 Re6+ 33. Kd2
b6 34. a5 Kg5 35. axb6 axb6 36. Rd5 Kf4 37. Rd4+ Kg5 38. Rd7 g6 39. Rd4 Rc6 40.
Rd5 Kf4 41. Kd3 g5 42. Rd4+ Ke5 43. g3 Rc1 44. f4+ Ke6 45. Rc4 Rd1+ 46. Kc2 Rd6
47. Kc3 Kd7 48. Rd4 Rxd4 49. Kxd4 gxf4 50. gxf4 Kd6 51. b4 h5 52. Kc4 Kc6 53.
Kd4 1/2-1/2

[Event "47th Sparkassen Open"]
[Site "Dortmund GER"]
[Date "2019.07.17"]
[Round "5.28"]
[White "Rohde, Patrick"]
[Black "Gerlach, Felix Tobias"]
[Result "1-0"]
[WhiteElo "1978"]
[BlackElo "2097"]
[WhiteFideId "12913626"]
[BlackFideId "12957690"]
[EventDate "2019.07.13"]

1. e4 c5 2. Nf3 d6 3. d4 cxd4 4. Nxd4 Nf6 5. Nc3 a6 6. f3 e5 7. Nb3 Be6 8. Be3
Be7 9. Qd2 O-O 10. O-O-O Nbd7 11. g4 b5 12. g5 Nh5 13. Nd5 Bxd5 14. exd5 f6 15.
gxf6 Rxf6 16. Na5 Nf4 17. Nc6 Qe8 18. Re1 Bd8 19. Bxf4 1-0

[Event "47th Sparkassen Open"]
[Site "Dortmund GER"]
[Date "2019.07.17"]
[Round "5.29"]
[White "Schoeneshoefer, Adrian"]
[Black "Eckert, Marius"]
[Result "0-1"]
[WhiteElo "1884"]
[BlackElo "2090"]
[WhiteFideId "16203771"]
[BlackFideId "12922234"]
[EventDate "2019.07.13"]

1. Nf3 d5 2. g3 Nf6 3. Bg2 e6 4. d4 Be7 5. O-O O-O 6. c4 dxc4 7. Qa4 a6 8. Qxc4
b5 9. Qc2 Bb7 10. Nc3 Nbd7 11. a3 c5 12. dxc5 Bxc5 13. b4 Be7 14. Bb2 Rc8 15.
Qb3 Nb6 16. Rfd1 Qc7 17. Rac1 Nc4 18. Ba1 Qb6 19. h3 Rfd8 20. Rxd8+ Rxd8 21. Rf1
Bxf3 22. Bxf3 Nd2 23. Qb2 Nxf1 24. Kxf1 Qd4 25. Qb1 Qd2 26. Kg2 Rc8 27. Qb3 Rc4
28. Bb7 Qd6 29. Bf3 e5 30. e3 h6 31. Be2 Rc8 32. Bb2 Qd2 33. Bd1 Qd3 34. Ba1 Ne4
35. Nd5 Qd2 36. Nxe7+ Kf8 37. Qb2 Qxb2 38. Bxb2 Kxe7 39. Bxe5 f6 40. Bd4 Nd2 41.
Bc5+ Rxc5 42. bxc5 a5 43. f4 b4 44. axb4 axb4 45. g4 b3 46. h4 b2 47. Bc2 b1=Q
48. Bxb1 Nxb1 49. g5 Nd2 50. f5 h5 51. gxf6+ gxf6 0-1

[Event "47th Sparkassen Open"]
[Site "Dortmund GER"]
[Date "2019.07.17"]
[Round "5.30"]
[White "Biermann, Lenhard"]
[Black "Barskij, Aleksandr"]
[Result "1-0"]
[WhiteElo "2056"]
[BlackElo "1941"]
[WhiteFideId "12970077"]
[BlackFideId "4697251"]
[EventDate "2019.07.13"]

1. d4 Nf6 2. Nf3 d5 3. c4 e6 4. g3 dxc4 5. Bg2 c5 6. O-O Nc6 7. Ne5 Bd7 8. Nxc6
Bxc6 9. Bxc6+ bxc6 10. Qa4 Qb6 11. dxc5 Bxc5 12. Qxc4 O-O 13. Nc3 Qb4 14. Qxb4
Bxb4 15. Na4 Rfd8 16. Bg5 Bd2 17. Bxf6 gxf6 18. Nc5 Rab8 19. Nd3 h5 20. Rfd1 Bh6
21. e3 Rd5 22. Kf1 h4 23. Rac1 hxg3 24. hxg3 Rbd8 25. Ke2 Rc8 26. Rc2 Bf8 27.
Rdc1 Rcd8 28. Ne1 Ra5 29. a3 Rb5 30. Rd1 Rdb8 31. Nd3 Rc8 32. Rdc1 c5 33. b4 a5
34. bxc5 Rc6 35. f4 Be7 36. Kf3 Rb3 37. Rc3 Rxc3 38. Rxc3 Kf8 39. g4 Ke8 40. Ke4
Kd8 41. Kd4 Kc7 42. Kc4 e5 43. Kd5 exf4 44. exf4 Ra6 45. a4 Ra8 46. Rb3 Rg8 47.
Rb5 Rxg4 48. Rxa5 Rg3 49. Kc4 Kb7 50. Rb5+ Kc8 51. Nb4 Ra3 52. a5 Bd8 53. a6 Ra4
54. Kd5 Bc7 55. f5 Be5 56. Kc6 Bc3 57. Nd5 Rxa6+ 58. Nb6+ Kd8 59. Kb7 Ra1 60. c6 1-0

[Event "47th Sparkassen Open"]
[Site "Dortmund GER"]
[Date "2019.07.17"]
[Round "5.31"]
[White "Doescher, Thorsten"]
[Black "Ahlers, Knut"]
[Result "1/2-1/2"]
[WhiteElo "2049"]
[BlackElo "1854"]
[WhiteFideId "24658286"]
[BlackFideId "16203534"]
[EventDate "2019.07.13"]

1. c4 Nf6 2. Nc3 g6 3. g3 Bg7 4. Bg2 O-O 5. Nf3 d6 6. O-O Nc6 7. Rb1 a6 8. b4 e5
9. d3 Bd7 10. h3 Qc8 11. Kh2 Re8 12. Nd5 b5 13. Bg5 Nxd5 14. cxd5 Ne7 15. e4 a5
16. a3 h6 17. Be3 axb4 18. axb4 f5 19. Qc2 g5 20. Rbc1 f4 21. Qxc7 fxe3 22. Qxd6
Ra6 23. Rxc8 Rxd6 24. Rxe8+ Bxe8 25. fxe3 Bg6 26. Ra1 Rd8 27. Ra5 Nxd5 28. exd5
Bxd3 29. Ne1 Bc4 30. e4 Bf8 31. Nc2 Bd3 32. Ra2 Rc8 33. Ne1 Bc4 34. Rb2 Ra8 35.
Nf3 Bd6 36. Nd2 Bd3 37. Nb3 Bxb4 38. Nc1 Ba3 39. Nxd3 Bxb2 40. Nxb2 b4 41. Nc4
b3 42. Kg1 Ra1+ 43. Bf1 Kf8 44. Kf2 b2 45. Bd3 Rd1 46. Nxb2 Rd2+ 47. Kf3 Rxb2
48. Kg4 Ke7 49. Ba6 Rb4 50. Kf5 Kd6 51. Bc8 Rb3 52. Kg4 Re3 53. Bf5 Ke7 54. h4
Kf6 55. h5 Ke7 56. Bg6 Kd6 57. Bh7 Rb3 58. Bg6 Rb6 59. Bh7 Kc5 60. Kf5 Kd4 61.
g4 Rd6 62. Bg6 Rb6 1/2-1/2

[Event "47th Sparkassen Open"]
[Site "Dortmund GER"]
[Date "2019.07.17"]
[Round "5.32"]
[White "Delere, Adrian"]
[Black "Wolff, Christoph"]
[Result "0-1"]
[WhiteElo "1858"]
[BlackElo "2047"]
[WhiteFideId "12990400"]
[BlackFideId "4648706"]
[EventDate "2019.07.13"]

1. e4 c5 2. Nc3 Nc6 3. g3 g6 4. Bg2 Bg7 5. d3 d6 6. f4 e6 7. Nf3 Nge7 8. O-O O-O
9. Be3 Nd4 10. a4 Rb8 11. Kh1 b6 12. Ra2 Nec6 13. Bxd4 Nxd4 14. Nb5 Nc6 15. c3
a6 16. Na3 Bb7 17. g4 f5 18. Ng5 Qd7 19. Qb3 Nd8 20. gxf5 gxf5 21. Qxb6 h6 22.
Nh3 Nf7 23. Qa5 e5 24. b4 Rfc8 25. Nc4 Qe6 26. Re2 fxe4 27. f5 Qf6 28. dxe4 cxb4
29. Nb6 Rc5 30. Qxb4 a5 31. Qb2 Qd8 32. Rb1 Ba6 33. Re3 Rc6 34. f6 Rcxb6 0-1

[Event "47th Sparkassen Open"]
[Site "Dortmund GER"]
[Date "2019.07.17"]
[Round "5.33"]
[White "Biermann, Florian"]
[Black "Atali, Dogukan"]
[Result "1-0"]
[WhiteElo "2016"]
[BlackElo "1734"]
[WhiteFideId "12970069"]
[BlackFideId "16208269"]
[EventDate "2019.07.13"]

1. e4 e6 2. d3 d5 3. Nd2 Nf6 4. Ngf3 c5 5. g3 b6 6. Bg2 Bb7 7. O-O Be7 8. e5
Nfd7 9. Re1 O-O 10. h4 Qc7 11. Nf1 Nc6 12. Bf4 Nd4 13. N1h2 Nxf3+ 14. Qxf3 Rab8
15. Qh5 Rfe8 16. Ng4 Bf8 17. Bh3 g6 18. Qg5 Qd8 19. Nf6+ Nxf6 20. exf6 Rc8 21.
Bg2 c4 22. d4 Qd7 23. Be5 Red8 24. h5 h6 25. Qg4 Kh7 26. c3 Rc6 27. f4 Bd6 28.
hxg6+ fxg6 29. Re3 Bxe5 30. fxe5 Qf7 31. Kf2 h5 32. Qg5 Kg8 33. g4 hxg4 34. Rh1
Rd7 35. Qxg4 Rcc7 36. Reh3 1-0

[Event "47th Sparkassen Open"]
[Site "Dortmund GER"]
[Date "2019.07.17"]
[Round "5.34"]
[White "Winterberg, Andreas"]
[Black "Artola Pola, Gerardo"]
[Result "1/2-1/2"]
[WhiteElo "1956"]
[BlackElo "2031"]
[WhiteFideId "16210433"]
[BlackFideId "150878"]
[EventDate "2019.07.13"]

1. e4 d6 2. d4 Nf6 3. Nc3 g6 4. f4 Bg7 5. Nf3 c5 6. dxc5 Qa5 7. Qd4 O-O 8. Bd2
Nc6 9. Qc4 Be6 10. Qb5 Qxb5 11. Bxb5 dxc5 12. e5 Nd5 13. Bxc6 bxc6 14. Ne4 Nb4
15. O-O-O Na6 16. Be3 c4 17. Nc5 Nxc5 18. Bxc5 Rfd8 19. Nd4 Bd5 20. Rhg1 e6 21.
Ne2 1/2-1/2

[Event "47th Sparkassen Open"]
[Site "Dortmund GER"]
[Date "2019.07.17"]
[Round "5.36"]
[White "Gluma, Christian"]
[Black "Schriewer, Thomas"]
[Result "1/2-1/2"]
[WhiteElo "1876"]
[BlackElo "2004"]
[WhiteFideId "16223209"]
[BlackFideId "24606049"]
[EventDate "2019.07.13"]

1. e4 c5 2. Nf3 e6 3. d4 cxd4 4. Nxd4 Nc6 5. c4 Nf6 6. Nc3 Qc7 7. Be3 a6 8. Be2
Bb4 9. f3 O-O 10. Qb3 Rb8 11. a3 Be7 12. O-O d6 13. Rac1 Rd8 14. Nc2 b6 15. Rfd1
Nd7 16. Nd4 Nxd4 17. Bxd4 Nc5 18. Qc2 Bg5 19. Ra1 Bb7 20. b4 Nd7 21. Bd3 Ne5 22.
Na4 Ba8 23. Nb2 Rdc8 24. Qf2 Bf6 25. Bf1 1/2-1/2

[Event "47th Sparkassen Open"]
[Site "Dortmund GER"]
[Date "2019.07.17"]
[Round "5.37"]
[White "Meier, Silas"]
[Black "Gula, Julian"]
[Result "1/2-1/2"]
[WhiteElo "1811"]
[BlackElo "1991"]
[WhiteFideId "16210662"]
[BlackFideId "12954799"]
[EventDate "2019.07.13"]

1. Nf3 Nf6 2. c4 e6 3. g3 a6 4. Nc3 d5 5. cxd5 exd5 6. d4 Bd6 7. Bg2 c6 8. O-O
O-O 9. Qc2 Re8 10. a3 Nbd7 11. Re1 Nb6 12. b3 Be6 13. Ne5 Nfd7 14. Bf4 Nxe5 15.
Bxe5 Bxe5 16. dxe5 Nd7 17. f4 Qb6+ 18. e3 d4 19. exd4 Qxd4+ 20. Kh1 Nc5 21. b4
Nd3 22. Re2 Bf5 23. Rd1 Rad8 24. Red2 Qc4 25. Kg1 Qd4+ 26. Kh1 Qc4 27. Kg1 1/2-1/2

[Event "47th Sparkassen Open"]
[Site "Dortmund GER"]
[Date "2019.07.17"]
[Round "5.40"]
[White "De Smedt, Mark"]
[Black "Saizew, Valeri"]
[Result "0-1"]
[WhiteElo "1920"]
[BlackElo "2032"]
[WhiteFideId "244899"]
[BlackFideId "12932361"]
[EventDate "2019.07.13"]

1. e4 e5 2. Nf3 Nc6 3. Bb5 Nf6 4. O-O Nxe4 5. d4 Nd6 6. Bxc6 dxc6 7. dxe5 Nf5 8.
Qxd8+ Kxd8 9. Nbd2 Be7 10. Ne4 Nh4 11. Nxh4 Bxh4 12. g3 Be7 13. Kg2 Bf5 14. Re1
Ke8 15. Bd2 h5 16. h3 Rd8 17. Bc3 Rh6 18. f3 b5 19. Re2 b4 20. Be1 c5 21. a3 Ra6
22. a4 Rd5 23. Nf2 c4 24. g4 Bd7 25. Re4 Rxa4 26. Rxa4 Bxa4 27. Rxc4 c5 28. b3
Bb5 29. Re4 hxg4 30. hxg4 a5 31. c4 bxc3 32. Bxc3 Bd8 33. Kg3 Bc7 34. f4 Kd7 35.
e6+ fxe6 36. Bxg7 Ke7 37. Kf3 Rd2 38. Kg3 Bc6 39. Re1 Kf7 40. Be5 Bb6 41. Rc1
Bd5 42. g5 c4 43. Ng4 Rd3+ 44. Kh4 Rxb3 45. Bf6 Kg6 46. Ne5+ Kf5 47. Rc2 Be4 48.
Re2 c3 49. Nc4 c2 50. Rxe4 Bf2+ 0-1

[Event "47th Sparkassen Open"]
[Site "Dortmund GER"]
[Date "2019.07.17"]
[Round "5.41"]
[White "Kantor, Nikita"]
[Black "Beckmann, David"]
[Result "0-1"]
[WhiteElo "1906"]
[BlackElo "2016"]
[WhiteFideId "12990922"]
[BlackFideId "24664707"]
[EventDate "2019.07.13"]

1. e4 e6 2. d4 d5 3. exd5 exd5 4. Nf3 Nf6 5. Bd3 Be7 6. Nc3 O-O 7. O-O Bg4 8. h3
Bh5 9. g4 Bg6 10. Ne5 c6 11. f4 Bxd3 12. Qxd3 c5 13. Be3 cxd4 14. Bxd4 Nc6 15.
Nxc6 bxc6 16. f5 Nd7 17. Ne2 c5 18. Be3 Ne5 19. Qd1 Nc4 20. Bc1 Bf6 21. Rb1 Re8
22. Re1 Bh4 23. Rf1 Qe7 24. Nf4 Rad8 25. Ng2 Bf6 26. Re1 Qd7 27. b3 Rxe1+ 28.
Qxe1 Re8 29. Qg3 Nd6 30. Bb2 Ne4 31. Qf4 Bg5 32. Qh2 Nd2 0-1